Popularne zagraniczne piosenki w Polsce. 29.01-04.02 Spotify - Statystyki

Ogólne statystyki
  • Ten quiz został rozwiązany 5 razy
  • Średni wynik to 9 z 30
Statystyki odpowiedzi
Wykonawca Odsłuchania Utwór % Poprawnych
The Weeknd 470K Save Your Tears
80%
The Weeknd 347K Blinding Lights
60%
Olivia Rodrigo 782K drivers license
60%
Dua Lipa, DaBaby 332K Levitating
60%
Joel Corry, MNEK 268K Head & Heart
40%
Shawn Mendes, Justin Bieber 254K Monster
40%
24kGoldn, iann dior 373K Mood
40%
MEDUZA, Dermot Kennedy 334K Paradise
40%
Ariana Grande 243K positions
40%
Miley Cyrus, Dua Lipa 279K Prisoner
40%
Doja Cat 371K Streets
40%
The Neighbourhood 290K Sweater Weather
40%
Tiesto 462K The Business
40%
Harry Styles 225K Watermelon Sugar
40%
Tate McRae 297K you broke me first
40%
Robin Schulz, KIDDO 295K All We Got
20%
The Neighbourhood 208K Daddy Issues
20%
Alok, Ilkay Sencan 281K Don't Say Goodbye
20%
Conan Gray 188K Heather
20%
Lil Nas X 191K HOLIDAY
20%
Internet Money, Gunna, Don Toliver, NAV 213K Lemonade
20%
Justin Bieber, benny blanco 217K Lonely
20%
Billie Eilish 283K Therefore I Am
20%
The Kid LAROI 203K WITHOUT YOU
20%
Selena Gomez, Rauw Alejandro 208K Baila Conmigo
0%
Foushee 192K Deep End
0%
Ofenbach, Quarterhead, Norma Jean Martine 229K Head Shoulders Knees & Toes
0%
Purple Disco Machine, Sophie and the Giants 211K Hipnotized
0%
SaiNt JHN, Imanbek 215K Roses
0%
Arctic Monkeys 195K Why'd You Only Call Me When You're High?
0%
Nie znaleziono quizów pasujących do podanych kryteriów
Rozkład punktacji
Procent ludzi z każdym wynikiem
Percentyl według liczby udzielonych odpowiedzi
Twoja historia wyników
Nie rozwiązałeś tego quizu